H.-W. Sinn o fiskální politice ECB

Zvláštnosti ECB ako centrálnej banky podľa emeritného profesora Mníchovskej univerzity H.-W. Sinna. Sedem intervenčných krokov. Dôvody nefungovania dlhovej brzdy. Keynesiánske oživenie. Tlačenie peňazí vezus exit. Grécka politika šetrnosti. Dva modely pre Európu.

Na minha lista:
Detalhes bibliográficos
Autor principal: Dyba, Karel
Formato: Capítulo de Livro
Idioma:tcheco
Assuntos:
Tags: Adicionar Tag
Sem tags, seja o primeiro a adicionar uma tag!

MARC

LEADER 00000naa a2200000 4500
001 0247746
005 20180918094551.0
041 0 |a cze 
044 |a CZ 
245 1 0 |a H.-W. Sinn o fiskální politice ECB  |c Karel Dyba 
520 |a Zvláštnosti ECB ako centrálnej banky podľa emeritného profesora Mníchovskej univerzity H.-W. Sinna. Sedem intervenčných krokov. Dôvody nefungovania dlhovej brzdy. Keynesiánske oživenie. Tlačenie peňazí vezus exit. Grécka politika šetrnosti. Dva modely pre Európu. 
610 2 0 |a kríza finančná 
610 2 0 |a eurozóna 
610 2 0 |a Európska únia 
610 2 0 |a banky centrálne 
610 2 0 |a politika fiškálna 
610 2 0 |a sadzby úrokové 
610 2 0 |a Európska centrálna banka 
100 1 |a Dyba, Karel